| 000 | 01371nam a2200337 c 4500 | ||
|---|---|---|---|
| 999 |
_c145831 _d145831 |
||
| 003 | BLK | ||
| 005 | 20230420134949.0 | ||
| 008 | 180410b bul|||||r ||||||| ||bul|| | ||
| 010 | _aKNG00152016000 | ||
| 040 | _aBLK | ||
| 041 |
_aBUL _cBUL |
||
| 080 |
_aЛатвийска литература _b821.174 _x-93-34 _z821.174-93-34 |
||
| 100 | 1 |
_aЗиедонис, Имант _eпърви автор _969717 |
|
| 139 |
_aЗиедонис, Имант _bЗ 62 |
||
| 245 | 1 | 0 |
_aЦветни приказки _cИмант Зиедонис; прев. от латв. Албена Методиева; худож. Сергей Коваленков. |
| 257 | _aLAT | ||
| 260 |
_aСофия _bОтечество _c1989 |
||
| 300 |
_a64 с. _bс цв. ил. _c29 см |
||
| 380 | _aDX | ||
| 500 | _aОриг. загл. Visadas Rasakas / Iman Ziedonis. - Без тир. | ||
| 653 | _aдетска литература | ||
| 653 | _aлитература за деца | ||
| 653 | _aприказки | ||
| 700 | 1 |
_aМетодиева, Албена _eпрев. от латв. _9373078 |
|
| 700 | 1 |
_aКоваленков, Сергей _eхудож. _9328900 |
|
| 852 | _aЦб ІІ 19011 | ||
| 856 | 4 |
_qpdf _i0.00 _ldisable |
|
| 856 | 4 |
_qpdf _i0.00 _ldisable |
|
| 942 |
_cKNG _n0 _s1 |
||
| 944 |
_aCR _c17.10.2013 _l17.10.2013 - от С1,Р / 17.10.2013 _kГергана_Михайлова |
||
| 944 |
_aED _c17.10.2013 _l17.10.2013 - от С1,Р / 17.10.2013 |
||
| 999 | _d145831 | ||